Eastern Utah Libraries Catalog: Duchesne, Heber, Roosevelt, & Vernal

Creep, leap, crunch! : (Record no. 392196)

MARC details
000 -LEADER
fixed length control field 02244cam a22005058i 4500
001 - CONTROL NUMBER
control field on1395193380
003 - CONTROL NUMBER IDENTIFIER
control field OCoLC
005 - DATE AND TIME OF LATEST TRANSACTION
control field 20240111174737.0
008 - FIXED-LENGTH DATA ELEMENTS--GENERAL INFORMATION
fixed length control field 230721t20232023nyua b 000 0 eng
010 ## - LIBRARY OF CONGRESS CONTROL NUMBER
LC control number 2022055667
020 ## - INTERNATIONAL STANDARD BOOK NUMBER
International Standard Book Number 9780593565520
Qualifying information (hardcover)
020 ## - INTERNATIONAL STANDARD BOOK NUMBER
International Standard Book Number 0593565525
Qualifying information (hardcover)
020 ## - INTERNATIONAL STANDARD BOOK NUMBER
International Standard Book Number 9780593565537
Qualifying information (library binding)
020 ## - INTERNATIONAL STANDARD BOOK NUMBER
International Standard Book Number 0593565533
Qualifying information (library binding)
020 ## - INTERNATIONAL STANDARD BOOK NUMBER
Cancelled/invalid ISBN 9780593565544
Qualifying information (ebook)
035 ## - SYSTEM CONTROL NUMBER
System control number (OCoLC)1395193380
Canceled/invalid control number (OCoLC)1372624220
-- (OCoLC)1372624238
-- (OCoLC)1395954260
-- (OCoLC)1407403728
-- (OCoLC)1407433890
-- (OCoLC)1407724700
-- (OCoLC)1410822115
-- (OCoLC)1410827112
037 ## - SOURCE OF ACQUISITION
Source of stock number/acquisition Random House Childrens Books, Attn Order Entry 400 Hahn rd, Westminister, MD, USA, 21157
Note SAN 201-3975
040 ## - CATALOGING SOURCE
Original cataloging agency DLC
Language of cataloging eng
Description conventions rda
Transcribing agency DLC
Modifying agency YDX
-- OCLCO
-- TOH
-- PNX
-- IOU
-- FLW
-- VRP
-- OCLCO
-- IK2
-- TXHLS
-- RNL
-- IUK
-- UOK
042 ## - AUTHENTICATION CODE
Authentication code pcc
049 ## - LOCAL HOLDINGS (OCLC)
Holding library UOKA
050 00 - LIBRARY OF CONGRESS CALL NUMBER
Classification number QH541.15.F66
Item number S53 2023
082 00 - DEWEY DECIMAL CLASSIFICATION NUMBER
Classification number 577/.16
Edition number 23/eng/20230825
092 ## - LOCALLY ASSIGNED DEWEY CALL NUMBER (OCLC)
Classification number children nonfiction
Item number Shaffer
100 1# - MAIN ENTRY--PERSONAL NAME
Personal name Shaffer, Jody Jensen
Relator term author.
9 (RLIN) 5697788
245 10 - TITLE STATEMENT
Title Creep, leap, crunch! :
Remainder of title a food chain story /
Statement of responsibility, etc words by Jody Jensen Shaffer ; art by Christopher Silas Neal.
246 30 - VARYING FORM OF TITLE
Title proper/short title Food chain story
250 ## - EDITION STATEMENT
Edition statement First edition.
264 #1 - Production, Publication, Distribution, Manufacture, and Copyright Notice.
Place of production, publication, distribution, manufacture New York :
Name of producer, publisher, distributor, manufacturer Alfred A. Knopf,
Date of production, publication, distribution, manufacture, or copyr [2023]
264 #4 - Production, Publication, Distribution, Manufacture, and Copyright Notice.
Date of production, publication, distribution, manufacture, or copyr �2023
300 ## - PHYSICAL DESCRIPTION
Extent 1 volume (unpaged) :
Other physical details color illustrations ;
Dimensions 29 cm
336 ## - Content Type
Content type term text
337 ## - Media type
Media type term unmediated
338 ## - Carrier type
Carrier type term volume
520 ## - SUMMARY, ETC.
Summary, etc "In this nonfiction picture book, discover how the animal kindgdom's food chain takes shape, from the lowly worm to the mighty king of the jungle"--
521 ## - TARGET AUDIENCE NOTE
Target audience note Ages 4-8
Source Alfred A. Knopf.
521 ## - TARGET AUDIENCE NOTE
Target audience note Grades K-1
Source Alfred A. Knopf.
650 #0 - SUBJECT ADDED ENTRY--TOPICAL TERM
Topical term or geographic name as entry element Food chains (Ecology)
Form subdivision Juvenile literature
9 (RLIN) 6387518
650 #0 - SUBJECT ADDED ENTRY--TOPICAL TERM
Topical term or geographic name as entry element Food chains (Ecology)
650 #1 - SUBJECT ADDED ENTRY--TOPICAL TERM
Topical term or geographic name as entry element Food chains (Ecology)
655 #7 - INDEX TERM--GENRE/FORM
Genre/form data or focus term Creative nonfiction
Source of term lcgft
9 (RLIN) 5706759
655 #7 - INDEX TERM--GENRE/FORM
Genre/form data or focus term Picture books
Source of term lcgft
700 1# - ADDED ENTRY--PERSONAL NAME
Personal name Neal, Christopher Silas
Relator term illustrator.
9 (RLIN) 6369862
776 08 - ADDITIONAL PHYSICAL FORM ENTRY
Display text Online version:
Main entry heading Shaffer, Jody Jensen.
Title Creep leap crunch!
Edition First edition.
Place, publisher, and date of publication New York : Alfred A. Knopf, [2023]
International Standard Book Number 9780593565544
Record control number (DLC) 2022055668
942 ## - ADDED ENTRY ELEMENTS (KOHA)
Source of classification or shelving scheme Dewey Decimal Classification
Koha item type BOOK
Holdings
Withdrawn status Lost status Source of classification or shelving scheme Damaged status Not for loan Collection code Home library Current library Shelving location Date acquired Source of acquisition Total Checkouts Total Renewals Full call number Barcode Checked out Date last seen Date checked out Cost, replacement price Price effective from Koha item type
    Dewey Decimal Classification     Children NonFiction Wasatch County Library Wasatch County Library Main Floor Childrens Area 01/11/2024 Micromarketing 5 3 E Animals Shaffer 34301002062489 03/07/2026 01/09/2026 01/09/2026 18.99 01/11/2024 BOOK
This project was made possible through a grant from the Institute of Museum and Library Service administered by the Utah State Library Division.

Wasatch County Library

  • 465 East 1200 South, Heber City, Utah 84032
  • Phone 435-654-1511 | Fax 435-654-6456

Hours

  • Monday - Friday 9:30 AM - 8:00 PM
  • Saturday 9:30 AM - 1:30 PM
  • Closed Sundays and Holidays